Giáo trình phương pháp dạy học những nội dung cụ thể môn toán
Giới thiệu phương pháp dạy một số nội dung môn toán như: hệ thống số, chứng minh bất đẳng thức, phương trình, bất phương trình, hệ phương trình, hàm số...
محفوظ في:
| المؤلف الرئيسي: | |
|---|---|
| التنسيق: | كتاب |
| اللغة: | Undetermined |
| منشور في: |
Hà Nội
Đại học Sư phạm Hà Nội
2008
|
| الموضوعات: | |
| الوسوم: |
إضافة وسم
لا توجد وسوم, كن أول من يضع وسما على هذه التسجيلة!
|
| Thư viện lưu trữ: | Trung tâm Học liệu Trường Đại học Cần Thơ |
|---|
| LEADER | 01023nam a2200253Ia 4500 | ||
|---|---|---|---|
| 001 | CTU_140778 | ||
| 008 | 210402s9999 xx 000 0 und d | ||
| 020 | |c 26000 | ||
| 082 | |a 510.71 | ||
| 082 | |b Ngh300 | ||
| 100 | |a Bùi, Văn Nghị | ||
| 245 | 0 | |a Giáo trình phương pháp dạy học những nội dung cụ thể môn toán | |
| 245 | 0 | |c Bùi Văn Nghị | |
| 260 | |a Hà Nội | ||
| 260 | |b Đại học Sư phạm Hà Nội | ||
| 260 | |c 2008 | ||
| 520 | |a Giới thiệu phương pháp dạy một số nội dung môn toán như: hệ thống số, chứng minh bất đẳng thức, phương trình, bất phương trình, hệ phương trình, hàm số... | ||
| 526 | |a Dạy học hình học | ||
| 526 | |b SPT613 | ||
| 650 | |a Mathematics,Môn toán | ||
| 650 | |x Giảng dạy và học tập | ||
| 650 | |y Study and teaching | ||
| 904 | |i Hạ Nguyên | ||
| 980 | |a Trung tâm Học liệu Trường Đại học Cần Thơ | ||